| 000 | 00661nam a2200205 u 4500 | ||
|---|---|---|---|
| 005 | 20210223130458.0 | ||
| 008 | 080609s2005 r 000 0 eng d | ||
| 020 | _a849651403X | ||
| 035 | _aUPN01000156656 | ||
| 049 | _aI | ||
| 050 | 4 |
_aPZ74.9 _bP3.58 |
|
| 100 | 1 |
_aPellicer i Soria, Maria Dolors, _d1956- |
|
| 245 | 1 | 0 |
_aMarina ya no tiene miedo / _cMaría Dolors Pellicer ; il. Irene Bordoy. |
| 260 |
_aValencia, Esp. : _bAlgar, _c2005. |
||
| 300 |
_a60 p. : _bil. col. |
||
| 440 | 0 |
_aCalcetín blanco : primeros lectores ; _v13 |
|
| 534 |
_pTítulo original : _tMarina ja no té por |
||
| 650 | 4 |
_aMIEDO - _vLITERATURA JUVENIL _912490 |
|
| 905 | _aInfantil | ||
| 999 |
_c128770 _d128770 |
||